| 000 | 01169nam a2200325 i 4500 | ||
|---|---|---|---|
| 001 | 13540 | ||
| 003 | KOSZ 005 | ||
| 005 | 20200630132828.0 | ||
| 008 | 070717s1970 pl a f f 000 0 pol | ||
| 015 | _aPB 1970/7405 | ||
| 040 |
_aWA N _cWA N _dKOSZ 005/RW |
||
| 080 | _a621.1.01 | ||
| 080 | _a536.7 | ||
| 245 | 0 | 0 |
_aZbiór zadań z termodynamiki technicznej / _cS. Ochęduszko [et al.]. |
| 250 | _aWydanie 3 poprawione. | ||
| 260 |
_aWarszawa : _bPaństwowe Wydawnictwo Naukowe, _c1970. |
||
| 300 |
_a597, [2] stron, [7] kart tablic : _bilustracje ; _c25 cm. |
||
| 336 |
_aTekst _btxt _2rdacontent |
||
| 337 |
_aBez urządzenia pośredniczącego _bn _2rdamedia |
||
| 338 |
_aWolumin _bnc _2rdacarrier |
||
| 380 | _aKsiążki. | ||
| 534 | _aDruk fotooffsetowy. | ||
| 658 | _ainżynieria i technika | ||
| 655 | 4 | _aĆwiczenia i zadania dla szkół wyższych | |
| 650 | 4 | _aTermodynamika techniczna | |
| 700 | 1 |
_aOchęduszko, Stanisław _d(1899-1969). _eAutor |
|
| 710 | 2 |
_aPaństwowe Wydawnictwo Naukowe _4pbl. |
|
| 856 |
_uhttp://koha.tu.koszalin.pl/cgi-bin/koha/opac-detail.pl?biblionumber=13540 _yKatalog online BPK |
||
| 942 |
_2UKD _cKS |
||
| 999 |
_c13540 _d13540 |
||